| 000 | 00611nam a22001817a 4500 | ||
|---|---|---|---|
| 005 | 20230313032346.0 | ||
| 008 | 230313b |||||||| |||| 00| 0 eng d | ||
| 020 | _a978-1-4729-5267-7 | ||
| 082 | _aGrad. 372.21 T215 2018 | ||
| 100 |
_aTassoni, Penny _eauthor |
||
| 245 |
_aUnderstanding children's behaviour: _blearning to be with others in the early years / _cPenny Tassoni |
||
| 250 | _a1st ed. | ||
| 260 |
_aGreat Britain Featherstone: _bBloomsbury Publishing, _cc2018. |
||
| 300 |
_a144p.; _bcol. ill. |
||
| 650 | _aEarly childhood education | ||
| 650 | _aChild development | ||
| 650 | _aChild psychology | ||
| 999 |
_c1730 _d1730 |
||